Las campañas contra el terrorismo en Colombia y Perú : (Registro nro. 15419)

Detalles MARC
000 -LEADER
fixed length control field 01959nam a22002417a 4500
003 - CONTROL NUMBER IDENTIFIER
control field OSt
005 - DATE AND TIME OF LATEST TRANSACTION
control field 20210317170140.0
008 - FIXED-LENGTH DATA ELEMENTS--GENERAL INFORMATION
fixed length control field 210317s2004 ck ||||gr|||| 10| 0 spa d
040 ## - CATALOGING SOURCE
Original cataloging agency CO-JMCR
Transcribing agency CO-JMCR
041 0# - LANGUAGE CODE
Language code of text/sound track or separate title spa
082 04 - DEWEY DECIMAL CLASSIFICATION NUMBER
Classification number 303.625 /
Item number S471c
Edition number 23
111 1# - MAIN ENTRY--MEETING NAME
Meeting name or jurisdiction name as entry element Seminario Las Campañas contra el Terrorismo en Colombia y Perú : un análisis en perspectiva comparada
Date of meeting or treaty signing (2004)
9 (RLIN) 36251
245 14 - TITLE STATEMENT
Title Las campañas contra el terrorismo en Colombia y Perú :
Remainder of title un análisis en perspectiva comparada /
Statement of responsibility, etc. Seminario
260 ## - PUBLICATION, DISTRIBUTION, ETC.
Place of publication, distribution, etc. Bogotá :
Name of publisher, distributor, etc. Ministerio de Defensa Nacional,
Date of publication, distribution, etc. 2004
300 ## - PHYSICAL DESCRIPTION
Extent 194 páginas ;
Dimensions 23 cm.
505 0# - FORMATTED CONTENTS NOTE
Title Sendero luminoso versus FARC: Un análisis comparado de dos organizaciones terroristas /
Statement of responsibility Alfredo Rangel
Title La Estrategia Contraterrorista Integral Peruana y la Política de Defensa y Seguridad Democrática /
Statement of responsibility Carlos Alberto Ospina Valle
Title Integración de la inteligencia como herramienta en la lucha contra las organizaciones terroristas. Los casos del Perú y Colombia /
Statement of responsibility Hernando Pérez Molina, Marco Miyashiro Arashiro
Title Recursos y estrategias contra el terrorismo urbano. Las experiencias peruanas y colombianas
Statement of responsibility Óscar Naranjo
Title Población civil, control territorial y seguridad contraterrorista, comités de Autodefensa versus Soldados Campesinos /
Statement of responsibility Carlos Alberto Fracica
Title Desmovilización versus arrepentimiento /
Statement of responsibility Andrés Peñate Giraldo
Title Legislación Antiterrorista /
Statement of responsibility Germán Vargas Lleras
Title El papel de los medios de comunicación en la lucha contra el terrorismo /
Statement of responsibility Daisy Cañón
650 14 - SUBJECT ADDED ENTRY--TOPICAL TERM
Topical term or geographic name entry element Terrorismo
Form subdivision Congresos, conferencias, etc.
Geographic subdivision Colombia
9 (RLIN) 36252
650 24 - SUBJECT ADDED ENTRY--TOPICAL TERM
Topical term or geographic name entry element Actividades subversivas
Form subdivision Congresos, conferencias, etc.
Geographic subdivision Colombia
9 (RLIN) 36253
650 24 - SUBJECT ADDED ENTRY--TOPICAL TERM
Topical term or geographic name entry element Conflicto armado
Form subdivision Congresos, conferencias, etc.
Geographic subdivision Colombia
9 (RLIN) 13636
650 24 - SUBJECT ADDED ENTRY--TOPICAL TERM
Topical term or geographic name entry element Actividades subversivas
Form subdivision Congresos, conferencias, etc.
Geographic subdivision Perú
9 (RLIN) 36254
650 24 - SUBJECT ADDED ENTRY--TOPICAL TERM
Topical term or geographic name entry element Conflicto armado
Form subdivision Congresos, conferencias, etc.
Geographic subdivision Perú
9 (RLIN) 36255
942 ## - ADDED ENTRY ELEMENTS (KOHA)
Source of classification or shelving scheme Dewey Decimal Classification
Koha item type Books
Existencias
Withdrawn status Lost status Source of classification or shelving scheme Damaged status Not for loan Collection code Home library Current library Date acquired Source of acquisition Full call number Barcode Date last seen Copy number Price effective from Koha item type
    Dewey Decimal Classification     Non-fiction Biblioteca Pública José María del Castillo y Rada Biblioteca Pública José María del Castillo y Rada 10/02/2020 Donación 303.625 / S471c 201810880 05/16/2024 Ej.1 03/17/2021 Books